<?xml version="1.0" encoding="UTF-8"?>
<record
    xmlns:xsi="http://www.w3.org/2001/XMLSchema-instance"
    xsi:schemaLocation="http://www.loc.gov/MARC21/slim http://www.loc.gov/standards/marcxml/schema/MARC21slim.xsd"
    xmlns="http://www.loc.gov/MARC21/slim">

  <leader>02928nam a2200361 a 4500</leader>
  <controlfield tag="001">000012773</controlfield>
  <controlfield tag="003">DO-SdBNP</controlfield>
  <controlfield tag="005">20160525113205.0</controlfield>
  <controlfield tag="007">000012773</controlfield>
  <controlfield tag="008">091117s2014    dr ac         000 0 spa d</controlfield>
  <datafield tag="020" ind1=" " ind2=" ">
    <subfield code="a">9789945118315 (v. 1)</subfield>
  </datafield>
  <datafield tag="020" ind1=" " ind2=" ">
    <subfield code="a">9789945118322 (v. 2)</subfield>
  </datafield>
  <datafield tag="020" ind1=" " ind2=" ">
    <subfield code="a">9789945118339 (v. 3)</subfield>
  </datafield>
  <datafield tag="020" ind1=" " ind2=" ">
    <subfield code="a">9789945118094 (v. 4)</subfield>
  </datafield>
  <datafield tag="040" ind1=" " ind2=" ">
    <subfield code="a">BPMSU</subfield>
    <subfield code="b">spa</subfield>
    <subfield code="c">BPMSU</subfield>
  </datafield>
  <datafield tag="092" ind1=" " ind2=" ">
    <subfield code="a">xxxx</subfield>
    <subfield code="b">xxxx</subfield>
  </datafield>
  <datafield tag="100" ind1="1" ind2=" ">
    <subfield code="a">Inch&#xE1;ustegui, Mar&#xED;a Isabel</subfield>
  </datafield>
  <datafield tag="245" ind1="1" ind2="0">
    <subfield code="a">Lengua y literatura :</subfield>
    <subfield code="b">educaci&#xF3;n media /</subfield>
    <subfield code="c">Mar&#xED;a Isabel Inch&#xE1;ustegui (dominicana) ; ilustraci&#xF3;n Ruddy N&#xFA;&#xF1;ez, Jos&#xE9; Amado Polanco y Tulio Matos.</subfield>
  </datafield>
  <datafield tag="260" ind1=" " ind2=" ">
    <subfield code="a">Santo Domingo :</subfield>
    <subfield code="b">Santillana,</subfield>
    <subfield code="c">2014.</subfield>
  </datafield>
  <datafield tag="300" ind1=" " ind2=" ">
    <subfield code="a">v. :</subfield>
    <subfield code="b">il., retrs. ;</subfield>
    <subfield code="c">28 cm.</subfield>
  </datafield>
  <datafield tag="490" ind1="1" ind2=" ">
    <subfield code="a">Innova</subfield>
  </datafield>
  <datafield tag="500" ind1=" " ind2=" ">
    <subfield code="a">Este libro ha sido realizado de conformidad con el curr&#xED;culum vigente y ha sido sometido a la aprobaci&#xF3;n del MINERD.</subfield>
  </datafield>
  <datafield tag="505" ind1="0" ind2=" ">
    <subfield code="g">v. 1</subfield>
    <subfield code="g">Primer de bachillerato 1er. grado/ 1er. Ciclo</subfield>
    <subfield code="t">Crear y recrear mundos imaginarios --</subfield>
    <subfield code="t">Orgullo de mi tierra --</subfield>
    <subfield code="t">Van Gogh: los &#xFA;ltimos paisajes --</subfield>
    <subfield code="t">Un retrato sorprendente --</subfield>
    <subfield code="t">Pasarla bien: &#xBF;radiograf&#xED;a de nuestro tiempo? --</subfield>
    <subfield code="t">El poder de la palabra --</subfield>
    <subfield code="t">&#xC1;rboles que florecen en nuestro pa&#xED;s --</subfield>
    <subfield code="t">Nuestros oc&#xE9;anos. Oportunidades y desafios</subfield>
    <subfield code="t">Di&#xE1;logos en los medios --</subfield>
    <subfield code="t">Medios masivos: constructores de realidad --</subfield>
    <subfield code="g">v. 2</subfield>
    <subfield code="g">Segundo de bachillerato 2do. grado /1er. Ciclo --</subfield>
    <subfield code="t">Amo, luego existo --</subfield>
    <subfield code="t">Lecciones ambientales del pasado --</subfield>
    <subfield code="t">Un proyecto de naci&#xF3;n --</subfield>
    <subfield code="t">&#xBF;Podr&#xE1; Marte sustentar la vida? --</subfield>
    <subfield code="t">Personajes: &#xBF;reales o ficticios? --</subfield>
    <subfield code="t">S&#xED; se puede --</subfield>
    <subfield code="t">Lleva tu biblioteca en el bolsillo --</subfield>
    <subfield code="t">La seguridad vial, un problema de todos --</subfield>
    <subfield code="t">El reality show --</subfield>
    <subfield code="t">Estilos de vida saludables --</subfield>
    <subfield code="g">v. 3</subfield>
    <subfield code="g">tercer de bachillerato 1er. grado/ 2do. Ciclo --</subfield>
    <subfield code="t">America: nuestra magna patria --</subfield>
    <subfield code="t">Hagamos un pacto: respetemos la vida --</subfield>
    <subfield code="t">Conflictos sobre el escenario --</subfield>
    <subfield code="t">Esas maravillosas part&#xED;iculas --</subfield>
    <subfield code="t">Testigos de excepcion --</subfield>
    <subfield code="t">&#xA1;Un donante podr&#xED;a salvar tu vida! --</subfield>
    <subfield code="t">Mundos desbordantes de imaginaci&#xF3;n --</subfield>
    <subfield code="t">Vesos, estrofas y poemas --</subfield>
    <subfield code="t">La moral social --</subfield>
    <subfield code="t">Entre dictaduras y resoluciones --</subfield>
    <subfield code="g">v. 4</subfield>
    <subfield code="g">Cuarto de bachillerato 2do grado/2do. ciclo /</subfield>
    <subfield code="t">Gu&#xED;a did&#xE1;ctica --</subfield>
    <subfield code="t">Emulemos a Duarte --</subfield>
    <subfield code="t">Publicidad a trav&#xE9;s de tabletas --</subfield>
    <subfield code="t">Cuando quien narra es mujer --</subfield>
    <subfield code="t">Leer un libro: en el nombre de Salom&#xE9; --</subfield>
    <subfield code="t">Joyas que est&#xE1;n desapareciendo --</subfield>
    <subfield code="t">Gesti&#xF3;n de riesgos s&#xED;smicos --</subfield>
    <subfield code="t">Poes&#xED;a y contexto --</subfield>
    <subfield code="t">El esp&#xED;ritu emprendedor --</subfield>
    <subfield code="t">Leer un libro: Pedro P&#xE1;ramo --</subfield>
    <subfield code="t">La revoluci&#xF3;n en la biolog&#xED;a --</subfield>
    <subfield code="t">Reflexiones sobre nuestra historia --</subfield>
    <subfield code="t">Medios que crean opini&#xF3;n --</subfield>
    <subfield code="t">Literatura universal --</subfield>
  </datafield>
  <datafield tag="700" ind1="1" ind2="2">
    <subfield code="a">N&#xFA;&#xF1;ez, Ruddy,</subfield>
    <subfield code="e">il.</subfield>
  </datafield>
  <datafield tag="700" ind1="1" ind2="2">
    <subfield code="a">Polanco, Jos&#xE9; Amado,</subfield>
    <subfield code="e">il.</subfield>
  </datafield>
  <datafield tag="700" ind1="1" ind2="2">
    <subfield code="a">Matos, Tulio,</subfield>
    <subfield code="e">il.</subfield>
  </datafield>
  <datafield tag="830" ind1=" " ind2="0">
    <subfield code="a">Innova</subfield>
  </datafield>
  <datafield tag="930" ind1=" " ind2="1">
    <subfield code="l">BND01</subfield>
    <subfield code="m">LF1</subfield>
    <subfield code="8">20091117</subfield>
    <subfield code="f">01</subfield>
    <subfield code="p">CT</subfield>
    <subfield code="g">7732</subfield>
  </datafield>
  <datafield tag="942" ind1=" " ind2=" ">
    <subfield code="2">ddc</subfield>
    <subfield code="c">BK</subfield>
  </datafield>
  <datafield tag="952" ind1=" " ind2=" ">
    <subfield code="0">0</subfield>
    <subfield code="1">0</subfield>
    <subfield code="2">ddc</subfield>
    <subfield code="4">0</subfield>
    <subfield code="7">0</subfield>
    <subfield code="8">DOM</subfield>
    <subfield code="a">BPMET</subfield>
    <subfield code="b">BPMET</subfield>
    <subfield code="d">2015-08-13</subfield>
    <subfield code="l">0</subfield>
    <subfield code="p">BPMUS15080361</subfield>
    <subfield code="r">2015-08-13</subfield>
    <subfield code="t">v. 1</subfield>
    <subfield code="w">2015-08-13</subfield>
    <subfield code="y">BK</subfield>
  </datafield>
  <datafield tag="952" ind1=" " ind2=" ">
    <subfield code="0">0</subfield>
    <subfield code="1">0</subfield>
    <subfield code="2">ddc</subfield>
    <subfield code="4">0</subfield>
    <subfield code="7">0</subfield>
    <subfield code="a">BPMET</subfield>
    <subfield code="b">BPMET</subfield>
    <subfield code="d">2015-08-13</subfield>
    <subfield code="l">0</subfield>
    <subfield code="p">BPMET15080362</subfield>
    <subfield code="r">2015-08-13</subfield>
    <subfield code="t">v. 2</subfield>
    <subfield code="w">2015-08-13</subfield>
    <subfield code="y">BK</subfield>
  </datafield>
  <datafield tag="952" ind1=" " ind2=" ">
    <subfield code="0">0</subfield>
    <subfield code="1">0</subfield>
    <subfield code="2">ddc</subfield>
    <subfield code="4">0</subfield>
    <subfield code="7">0</subfield>
    <subfield code="8">DOM</subfield>
    <subfield code="a">BPMET</subfield>
    <subfield code="b">BPMET</subfield>
    <subfield code="d">2015-08-13</subfield>
    <subfield code="l">0</subfield>
    <subfield code="p">BPMET15080363</subfield>
    <subfield code="r">2015-08-13</subfield>
    <subfield code="t">v. 3</subfield>
    <subfield code="w">2015-08-13</subfield>
    <subfield code="y">BK</subfield>
  </datafield>
  <datafield tag="952" ind1=" " ind2=" ">
    <subfield code="0">0</subfield>
    <subfield code="1">0</subfield>
    <subfield code="2">ddc</subfield>
    <subfield code="4">0</subfield>
    <subfield code="7">0</subfield>
    <subfield code="8">DOM</subfield>
    <subfield code="a">BPMET</subfield>
    <subfield code="b">BPMET</subfield>
    <subfield code="d">2015-08-13</subfield>
    <subfield code="l">0</subfield>
    <subfield code="p">BPMET15080364</subfield>
    <subfield code="r">2015-08-13</subfield>
    <subfield code="t">v. 4</subfield>
    <subfield code="w">2015-08-13</subfield>
    <subfield code="y">BK</subfield>
  </datafield>
  <datafield tag="956" ind1=" " ind2=" ">
    <subfield code="a">DGARCIA</subfield>
    <subfield code="b">10</subfield>
    <subfield code="c">20150807</subfield>
    <subfield code="l">BND01</subfield>
    <subfield code="h">0943</subfield>
  </datafield>
  <datafield tag="956" ind1=" " ind2=" ">
    <subfield code="a">LOPEREZ</subfield>
    <subfield code="b">10</subfield>
    <subfield code="c">20150811</subfield>
    <subfield code="l">BND01</subfield>
    <subfield code="h">1148</subfield>
  </datafield>
  <datafield tag="956" ind1=" " ind2=" ">
    <subfield code="a">VMATEO</subfield>
    <subfield code="b">10</subfield>
    <subfield code="c">201508</subfield>
    <subfield code="l">BPMSU</subfield>
    <subfield code="h">00151</subfield>
  </datafield>
  <datafield tag="999" ind1=" " ind2=" ">
    <subfield code="c">8192</subfield>
    <subfield code="d">8192</subfield>
  </datafield>
</record>
